00519nam a2200085Ia 4500008004100000245003800041300027600079650000900355856006900364170517s9999 xx 000 0 und d aAi Weiwei: Without Fear or Favour aArts documentary, first broadcast before Ai Weiwei's arrest by the Chinese authorities in April 2011, and his subsequent release after being detained for 11 weeks. Architect, photographer, curator and blogger, Ai Weiwei is China's most famous and politically outspoken... xArt. uhttp://topdocumentaryfilms.com/ai-weiwei-without-fear-or-favour/